000 00305nam a2200133Ia 4500
008 230917s9999||||xx |||||||||||||| ||und||
040 _e93673
_aMAIN
041 _aEnglish
082 _a677 G959S
100 _aGupta, Kuntal Sen
245 0 _aStudies in core spun yarn
300 _a84 p.
942 _cTH
999 _c214561
_d214561